| 000 | 00470nam a2200193 i 4500 | ||
|---|---|---|---|
| 999 |
_c168509 _d168509 |
||
| 001 | 2-00278559 | ||
| 003 | PPAK | ||
| 005 | 20180803043445.0 | ||
| 008 | 870409 19709999my c 0 may d | ||
| 022 | _a0126-3490 | ||
| 040 |
_aPPAK _beng _cPPAK _erda |
||
| 082 | _a297.05 | ||
| 090 |
_a297.05 _bUTU _dR |
||
| 245 | 0 | 0 | _aUtusan Qiblat (Jan-Dis 1986) |
| 336 |
_2rdacontent _atext |
||
| 337 |
_2rdamedia _aunmediated |
||
| 338 |
_2rdacarrier _avolume |
||
| 942 |
_cSR _2ddc |
||